000 00222 a2200109 4500
001 90171
082 _a30 DIS
090 _c42514
_d42514
100 _aDisney
245 _aPicture Dictionary
260 _aN.Y
_bdisney
_c2003
942 _aNUST-CAE
_k030 DIS
999 _c325244
_d325244